01163nam a2200301 4500001000400000003000400004005001700008008004100025020001800066040000800084041000800092082001700100100003600117245009100153250002000244260003100264300001100295520030900306650001500615650002600630650003700656650004200693655002100735655002700756655002100783700002000804700003700824394OSt20250414160234.0250414b |||||||e |||| 00| 0 eng d a9788502029002 bpor hpor a150.7bB665p aBock, Ana Mercês Bahiad1952- aPsicologias :bUma introdução ao estudo de psicologia / cBock, Ana Mercês Bahia a14° edição aSão PaulobSaraivac2008 a367 p. aPsicologias é uma introdução ao estudo da Psicologia, que é apresentada em seus vários aspectos: sua história, as abordagens teóricas, os temas básicos, as áreas de conhecimento, as principais características da profissão, os temas cotidianos, vistos sobre a ótica da Psicologia.  0aPsicologia 0aÁreas da Psicologia 0aPsicologia aplicada ao cotidiano 0aEstudos introdutórios em Psicologia 0aNão Ficção 0aTécnico-científico 0aLivro Didático1 aFurtado, Odair.1 aTrassi, Maria de Lourdes,d1951-